00856nam a22002177a 450000500170000000800410001702000180005804100080007604400070008408200180009124500590010926000260016830000380019450500380023250500550027050500810032550500850040650501050049165000250059665000170062120150528020002.0140701b2013 ck ||||| |||| 00| 0 spa d a9789588067605 aspa ack a553.79bI193a00aAguas subterráneas en Colombia, una visión general aBogotábIDEAMc2013 a284 p.bil. tablas, mapasc28 cm. aCap. 1 Marco conceptual (pag. 17) aCap. 2 Alcancel y enfoque metodológico (pag. 39) aCap. 3 Colombia y su contenido hidroclimático e hidrogeológico (pag. 51) aCap. 4 Provincias hidrogeológicas y sistemas acuíferos de Colombia (pag. 83) aCap. 5 Aguas subterráneas frente a afectaciones antrópicas y variabilidad climática (pag. 249) aAguas subterráneas aHidrología